000 00632cam a22002291 4500
001 sa 66006934
003 DLC
005 20260227112300.0
008 890706s1965 ii b 000 0 hino
010 _asa 66006934
035 _a(OCoLC)19968707
040 _aDLC
_cWaU
_dWU
_dDLC
042 _apremarc
050 0 0 _aBL625
_b.C3
100 0 _aCandrakalā.
245 1 0 _aPúrva, madhyapūrva aura paścima meṃ pratīkavāda.
260 _aJayapura :
_bMangala prakaśana,
_c1965.
300 _a2, 80 p. ;
_c23 cm.
500 _aIn Hindi.
504 _aBibliographical footnotes.
650 0 _aMysticism
_xComparative studies.
999 _c70811
_d70811